Theological dictionary of the New Testament. (Record no. 2197)

MARC details
000 -LEADER
fixed length control field 01123cam a22003131 4500
001 - CONTROL NUMBER
control field 3113570
003 - CONTROL NUMBER IDENTIFIER
control field GBCCL
005 - DATE AND TIME OF LATEST TRANSACTION
control field 20241126110422.0
008 - FIXED-LENGTH DATA ELEMENTS--GENERAL INFORMATION
fixed length control field 711124m19641976miu d 001 0 eng
010 ## -
-- 64015136
020 ## - INTERNATIONAL STANDARD BOOK NUMBER
International Standard Book Number 0802822509 (v. 8) :
Terms of availability 18.50 (varies for each vol.)
040 ## - CATALOGING SOURCE
Original cataloging agency DLC
Transcribing agency DLC
Modifying agency DLC
041 1# -
-- engger
050 00 -
-- BS2312
-- .K5813 1964
082 00 - DEWEY DECIMAL CLASSIFICATION NUMBER
Classification number 487.3
-- 225.3
Item number THE
100 1# - MAIN ENTRY--PERSONAL NAME
Personal name Kittel, Gerhard,
Dates associated with a name 1888-1948,
Relator term ed.
9 (RLIN) 4496
240 10 -
-- Theologisches Wörterbuch zum Neuen Testament.
-- English
245 10 - TITLE STATEMENT
Title Theological dictionary of the New Testament.
Statement of responsibility, etc. Translator and editor: Geoffrey W. Bromiley.
260 ## - PUBLICATION, DISTRIBUTION, ETC.
Place of publication, distribution, etc. Grand Rapids, Mich.,
Name of publisher, distributor, etc. Eerdmans
Date of publication, distribution, etc. c1964-c1976.
300 ## - PHYSICAL DESCRIPTION
Extent 10 v.
Dimensions 25 cm.
500 ## - GENERAL NOTE
General note Vol. 5- edited by Gerhard Friedrich.
500 ## - GENERAL NOTE
General note Includes index.
630 00 - SUBJECT ADDED ENTRY--UNIFORM TITLE
Uniform title Bible.
Name of part/section of a work New Testament
General subdivision Dictionaries.
9 (RLIN) 2567
650 #0 - SUBJECT ADDED ENTRY--TOPICAL TERM
Topical term or geographic name entry element Greek language, Biblical
General subdivision Dictionaries.
9 (RLIN) 636
700 1# - ADDED ENTRY--PERSONAL NAME
Personal name Bromiley, Geoffrey William,
Relator term ed. and tr.
9 (RLIN) 4073
700 1# - ADDED ENTRY--PERSONAL NAME
Personal name Friedrich, Gerhard,
Dates associated with a name 1908-
Relator term ed.
9 (RLIN) 4497
906 ## - LOCAL DATA ELEMENT F, LDF (RLIN)
a 7
b cbc
c orignew
d u
e ocip
f 19
g y-gencatlg
942 ## - ADDED ENTRY ELEMENTS (KOHA)
Source of classification or shelving scheme Dewey Decimal Classification
Koha item type Reference Books
Holdings
Withdrawn status Lost status Source of classification or shelving scheme Damaged status Not for loan Home library Current Library Shelving location Date acquired Total checkouts Full call number Barcode Date last seen Copy number Price effective from Koha item type
    Dewey Decimal Classification     GRACE BIBLE COLLEGE GRACE BIBLE COLLEGE Dictionary 2017-07-13   487.3 THE 000095 2025-05-01 v.4 2017-07-13 Reference Books
    Dewey Decimal Classification     GRACE BIBLE COLLEGE GRACE BIBLE COLLEGE Dictionary 2017-07-13   487.3 THE 000097 2025-05-01 v.6 2017-07-13 Reference Books
    Dewey Decimal Classification     GRACE BIBLE COLLEGE GRACE BIBLE COLLEGE Dictionary 2017-07-13   487.3 THE 000098 2025-05-01 v.7 2017-07-13 Reference Books
    Dewey Decimal Classification     GRACE BIBLE COLLEGE GRACE BIBLE COLLEGE Dictionary 2017-07-13   487.3 THE 000096 2025-05-01 v.5 2017-07-13 Reference Books
    Dewey Decimal Classification     GRACE BIBLE COLLEGE GRACE BIBLE COLLEGE Dictionary 2017-07-13   487.3 THE 000094 2025-05-01 v.3 2017-07-13 Reference Books
    Dewey Decimal Classification     GRACE BIBLE COLLEGE GRACE BIBLE COLLEGE Dictionary 2017-07-13   487.3 THE 000092 2025-05-01 v.1 2017-07-13 Reference Books
    Dewey Decimal Classification     GRACE BIBLE COLLEGE GRACE BIBLE COLLEGE Dictionary 2017-07-13   487.3 THE 000093 2025-05-01 v.2 2017-07-13 Reference Books
    Dewey Decimal Classification     GRACE BIBLE COLLEGE GRACE BIBLE COLLEGE Dictionary 2017-07-13   487.3 THE 000099 2025-05-01 v.8 2017-07-13 Reference Books
    Dewey Decimal Classification     GRACE BIBLE COLLEGE GRACE BIBLE COLLEGE Dictionary 2017-07-13   487.3 THE 000100 2025-05-01 v.9 2017-07-13 Reference Books
    Dewey Decimal Classification     GRACE BIBLE COLLEGE GRACE BIBLE COLLEGE Dictionary 2017-07-13   487.3 THE 000101 2025-05-01 v.10 2017-07-13 Reference Books
    Dewey Decimal Classification     GRACE BIBLE COLLEGE GRACE BIBLE COLLEGE Dictionary 2017-07-13   487.3 THE 009932 2025-05-01 c.1 2017-07-13 Reference Books
© Grace Bible College Library 2025